000 00672 a2200181 4500
999 _c25841
_d25841
010 _aB-284497, B-231341
020 _a8170622883
_c495.00
035 _aB-284497, B-231334, B-231341,B-231336
037 _bPansy Books
082 _aN
100 _aKundu, Subroto
245 _aJehad:
_cby Subroto Kundu
_ba novel /
260 _aNew Delhi
_bLancer Publishers
_c2002
270 _a56, Gautam Nagar
_bNew Delhi
_e110049
_mlancer1@vsnl.com
300 _a429p.
_c22cm (Hb)
942 _adpl
_cEN
_2ddc
_hN
_mKUN